1451 1864 1331 1126 1093 1553 1281 1810 1460 1978 1831 1644 1390 1758 1545 1758 1956 1846 1374 1087 1617 1389 1124 1496 1262 1480 1677 1402 1544 1897 1948 1085 1277 1189 1904 1119 1917 1419 1707 1626 1387 1062 1228 1131 1625 1862 1684 1475 1878 1613 1941 1301 1241 1899 1634 1918 1630 1085 1445 1631 1246 1643 1439 1891 1782 1097 1237 1580 1118 1426 1002 1774 1324 1490 1076 1840 1612 1252 1600 1367 1648 1103 1864 1362 1161 1734 1133 1796 1367 1227 1405 1766 1549 1068 1162 1529 1901 1694 1316 BCNSPRNW ULIB Ver.6.0+V

เปลี่ยนเป็นภาษาไทย

Change to English
 แสดงรายละเอียดบรรณานุกรม
  กลับหน้าหลัก

Brief Record : Get Marc (ISO 2709) : E-mail record : QR code < ปิดหน้าต่าง
LEADER : 00000nam 2200000uu 4500
001    13399109980
003     ULIB
008    110419s2543||||th 000 0 tha d
020    9742937877
060 04 WF26^bม376น 2543
245 00 แนวทางการป้องกันปอดอักเสบในผู้ป่วยใช้เครื่องช่วยหายใจ :^bในโรงพยาบาลนครราชสีมา 2542 = Guidelines for prevention of ventilator-associated pneumonia /^cบรรณาธิการ, วิมลมาลย์ พงษ์ฤทธิ์ศักดา ... [และคนอื่นๆ]
246 31 Guidelines for prevention of ventilator-associatedpneumonia
250    พิมพ์ครั้งที่ 1
260    นครราชสีมา :^bโรงพยาบาลมหาราชสีมา,^c2543
300    40 หน้า ;^c26 ซม.
650  2 Pneumonia
650  2 เครื่องช่วยหายใจ
650  7 ปอดอักเสบ
650  7 Ventilators, Mechanical
700 0  วิมลมาลย์ พงษ์ฤทธิศักดา,^eบรรณาธิการ
710 2  โรงพยาบาลนครราชสีมา
945    ^p0^l0^i013093
995    ทศพร
999 ^a ใช้งานได้ทุกระบบ
รายการนี้ยังไม่มีแท็ก
คุณยังไม่ได้ล็อกอิน คุณสามารถมีกิจกรรมร่วมกับเว็บไซต์ได้ แต่ต้องล็อกอินก่อน ::
  ล็อกอิน

รายการสื่อสารสนเทศ

ลำดับที่ ประเภท เลขเรียก/บาร์โค้ด สถานที่ สถานะ
- ไม่พบข้อมูล -

รายการใกล้เคียง
    หัวเรื่อง [Pneumonia]
    หัวเรื่อง [เครื่องช่วยหายใจ]
    หัวเรื่อง [ปอดอักเสบ]

BibComment


ยังไม่เคยถูกคอมเมนท์

คอมเมนท์ทรัพยากรรายการนี้
  คอมเมนท์: แนวทางการป้องกันป..


 Copyright 2026. Bcnsprnw @Library